Budapest tram line 1A stops - Statistics

General Stats
  • This quiz has been taken 15 times
  • The average score is 15 of 20
Answer Stats
Answer Interchange % Correct
Göncz Árpád városközpont M3, 1
100%
Bécsi út / Vörösvári út 1, 17, 19, 41
85%
Népliget M3, 1
85%
Hidegkuti Nándor Stadion 1, 37, 37A
77%
Hős utca
77%
Puskás Ferenc Stadion M2, 1
77%
Szentlélek tér H5, 1
77%
Zugló vasútállomás 1, MÁV
77%
Ajtósi Dürer sor
69%
Egressy út / Hungária körút
69%
Erzsébet királyné útja, aluljáró 1, 3, 69
69%
Flórián tér
69%
Honvédkórház
69%
Kacsóh Pongrác út M1, 1, 3, 69
69%
Kőbányai út / Könyves Kálmán körút 1, 28, 28A, 62
69%
Népfürdő utca / Árpád híd
69%
Óbudai rendelőintézet
69%
Vágány utca / Róbert Károly körút
69%
Vajda Péter utca
69%
Lehel utca / Róbert Károly körút 1, 14
54%
No matching quizzes found
Score Distribution
Percent of People with Each Score
Percentile by Number Answered
Your Score History
You have not taken this quiz